Role of perioperative transesophageal echocardiography in decision making in cardiac surgery / (رقم التسجيلة. 55928)

تفاصيل مارك
000 -LEADER
fixed length control field 02837cam a2200349 a 4500
003 - CONTROL NUMBER IDENTIFIER
control field EG-GiCUC
005 - DATE AND TIME OF LATEST TRANSACTION
control field 20250223031452.0
008 - FIXED-LENGTH DATA ELEMENTS--GENERAL INFORMATION
fixed length control field 160410s2015 ua dh f m 000 0 eng d
040 ## - CATALOGING SOURCE
Original cataloging agency EG-GiCUC
Language of cataloging eng
Transcribing agency EG-GiCUC
041 0# - LANGUAGE CODE
Language code of text/sound track or separate title eng
049 ## - LOCAL HOLDINGS (OCLC)
Holding library Deposite
097 ## - Thesis Degree
Thesis Level M.Sc
099 ## - LOCAL FREE-TEXT CALL NUMBER (OCLC)
Classification number Cai01.11.01.M.Sc.2015.Ka.R
100 0# - MAIN ENTRY--PERSONAL NAME
Personal name Kareem Nagy Abbas Ahmed
245 10 - TITLE STATEMENT
Title Role of perioperative transesophageal echocardiography in decision making in cardiac surgery /
Statement of responsibility, etc. Kareem Nagy Abbas Ahmed ; Supervised Maged Salah Abdullah , Asser Hussein Manaa , Yasser Mohamed Abdalwahab
246 15 - VARYING FORM OF TITLE
Title proper/short title دور تخطيط صدى القلب عبر المريء في الفترة المحيطة بالجراحة فى عملية صنع القرار فى جراحات القلب
260 ## - PUBLICATION, DISTRIBUTION, ETC.
Place of publication, distribution, etc. Cairo :
Name of publisher, distributor, etc. Kareem Nagy Abbas Ahmed ,
Date of publication, distribution, etc. 2015
300 ## - PHYSICAL DESCRIPTION
Extent 79 Leaves :
Other physical details charts , facsimiles ;
Dimensions 25cm
502 ## - DISSERTATION NOTE
Dissertation note Thesis (M.Sc.) - Cairo University - Faculty of Medicine - Department of Anesthesia
520 ## - SUMMARY, ETC.
Summary, etc. This study is based on the hypothesis that the routine use of transesophageal echocardiography in cardiac surgery will influence the surgical decision taken by the surgeon intraoperative in Kasr Al-Ainy. Study design: Patients were examined with IOTEE before and after cardiopulmonary bypass. Complete and comprehensive intraoperative TEE examinations will be performed by TEE certified cardiac anesthesiologists. Data that will be collected from the intraoperative examination will be compared with preoperative transthoracic echocardiography and the surgical decision that was taken preoperatively will be revised again with cardiothoracic surgeon before the start of surgery. Also, TEE will be used again after weaning from bypass for revision and assessment of our decision. Results: We examined the utility of TEE in 100 selected patients undergoing different types of cardiac procedures in Kasr Al-Ainy hospital. This prospective clinical investigation found that the pre- and post-CPB TEE examinations influenced surgical decision making in 10% of all evaluated patients. Conclusion: Intraoperative TEE has the potential to significantly influence clinical decision making for cardiac surgical patients. It is useful in surgical planning, guiding various hemodynamic interventions, and assessing the immediate results of surgery. Thus, IOTEE should be used routinely in all patients undergoing all types of cardiac surgeries
530 ## - ADDITIONAL PHYSICAL FORM AVAILABLE NOTE
Additional physical form available note Issued also as CD
653 #4 - INDEX TERM--UNCONTROLLED
Uncontrolled term AHA
653 #4 - INDEX TERM--UNCONTROLLED
Uncontrolled term IOTEE
653 #4 - INDEX TERM--UNCONTROLLED
Uncontrolled term MHz
700 0# - ADDED ENTRY--PERSONAL NAME
Personal name Asser Hussein Manaa ,
Relator term
700 0# - ADDED ENTRY--PERSONAL NAME
Personal name Maged Salah Abdullah ,
Relator term
700 0# - ADDED ENTRY--PERSONAL NAME
Personal name Yasser Mohamed Abdalwahab ,
Relator term
856 ## - ELECTRONIC LOCATION AND ACCESS
Uniform Resource Identifier <a href="http://172.23.153.220/th.pdf">http://172.23.153.220/th.pdf</a>
905 ## - LOCAL DATA ELEMENT E, LDE (RLIN)
Cataloger Nazla
Reviser Revisor
905 ## - LOCAL DATA ELEMENT E, LDE (RLIN)
Cataloger Soheir
Reviser Cataloger
942 ## - ADDED ENTRY ELEMENTS (KOHA)
Source of classification or shelving scheme Dewey Decimal Classification
Koha item type Thesis
المقتنيات
Source of classification or shelving scheme Not for loan Home library Current library Date acquired Full call number Barcode Date last seen Koha item type Copy number
Dewey Decimal Classification   المكتبة المركزبة الجديدة - جامعة القاهرة قاعة الرسائل الجامعية - الدور الاول 11.02.2024 Cai01.11.01.M.Sc.2015.Ka.R 01010110068522000 22.09.2023 Thesis  
Dewey Decimal Classification   المكتبة المركزبة الجديدة - جامعة القاهرة مخـــزن الرســائل الجـــامعية - البدروم 11.02.2024 Cai01.11.01.M.Sc.2015.Ka.R 01020110068522000 22.09.2023 CD - Rom 68522.CD
Cairo University Libraries Portal Implemented & Customized by: Eng. M. Mohamady Contacts: new-lib@cl.cu.edu.eg | cnul@cl.cu.edu.eg
CUCL logo CNUL logo
© All rights reserved — Cairo University Libraries
CUCL logo
Implemented & Customized by: Eng. M. Mohamady Contact: new-lib@cl.cu.edu.eg © All rights reserved — New Central Library
CNUL logo
Implemented & Customized by: Eng. M. Mohamady Contact: cnul@cl.cu.edu.eg © All rights reserved — Cairo National University Library